Rudi Garcia's Olympique Marseille - Statistics

General Stats
  • This quiz has been taken 12 times
  • The average score is 22 of 43
Answer Stats
Rank Player Position Nationality Matches Goals Assists % Correct
6 Dimitri Payet Attacking Midfield 102 21 36
90%
3 Hiroki Sakai Right-Back 113 2 12
90%
18 Konstantinos Mitroglou Centre-Forward 50 16 1
90%
8 Luiz Gustavo Defensive Midfield 95 10 2
90%
2 Maxime Lopez Defensive Midfield 116 5 17
90%
12 Steve Mandanda Goalkeeper 79 0 0
90%
17 Boubacar Kamara Defensive Midfield 51 1 1
80%
5 Bouna Sarr Right-Back 105 3 6
80%
23 Duje Caleta-Car Centre-Back 26 0 0
80%
1 Florian Thauvin Second Striker 125 56 37
80%
7 Valère Germain Centre-Forward 97 26 8
80%
15 Adil Rami Centre-Back 75 3 3
70%
13 Clinton N'Jie Right Winger 78 15 9
70%
10 Lucas Ocampos Left Winger 93 21 12
70%
9 Rolando Centre-Back 93 6 0
70%
14 Jordan Amavi Left-Back 76 1 9
60%
19 Kevin Strootman Central Midfield 34 1 5
60%
4 Morgan Sanson Central Midfield 108 18 14
60%
27 Nemanja Radonjić Left Winger 22 0 1
60%
16 Yohann Pelé Goalkeeper 67 0 0
60%
11 Frank Anguissa Central Midfield 87 0 1
50%
35 Karim Rekik Centre-Back 7 0 0
50%
30 Mario Balotelli Centre-Forward 15 8 0
50%
25 Grégory Sertic Defensive Midfield 25 0 1
40%
26 Matheus Dória Centre-Back 25 2 0
40%
37 Saîf-Eddine Khaoui Attacking Midfield 5 0 1
40%
31 Aymen Abdennour Centre-Back 14 0 0
30%
24 Bafétimbi Gomis Centre-Forward 25 15 3
30%
42 Florian Escales Goalkeeper 1 0 0
30%
21 Rémy Cabella Attacking Midfield 29 6 4
30%
20 Rod Fanni Right-Back 29 2 0
30%
32 Tomas Hubocan Centre-Back 12 0 0
30%
39 Aaron Leya Iseka Centre-Forward 3 0 1
20%
41 Antoine Rabillard Centre-Forward 2 0 0
20%
40 Christopher Rocchia Left-Back 2 0 0
20%
43 Florian Chabrolle Attacking Midfield 1 0 0
20%
29 Henri Bedimo Left-Back 17 0 0
20%
33 Lassana Diarra Defensive Midfield 8 0 0
20%
28 Patrice Evra Left-Back 21 1 0
20%
34 Romain Alessandrini Right Winger 8 0 1
20%
22 William Vainqueur Defensive Midfield 27 0 1
20%
38 Yusuf Sarı Right Winger 4 0 1
20%
36 Zinédine Machach Attacking Midfield 6 1 0
20%
No matching quizzes found
Score Distribution
Percent of People with Each Score
Percentile by Number Answered
Your Score History
You have not taken this quiz